|
|
|
|
| LEADER |
00000csc a2200000 a 4500 |
| 001 |
37545-2 |
| 005 |
20230308213135.0 |
| 008 |
969040|1965 ||||||||r|||||||||||spa|| |
| 040 |
|
|
|b spa
|
| 041 |
1 |
|
|a spa
|
| 082 |
0 |
|
|a 868
|
| 100 |
1 |
|
|a Guandique, José Salvador
|9 286527
|
| 245 |
1 |
1 |
|a Gavidia. El amigo de Darío
|c José Salvador Guandique
|h imp
|n tomo 2
|
| 264 |
|
|
|a San Salvador
|b Ministerio de Educación
|c 1965
|
| 300 |
|
|
|a 433 páginas:
|c 20,5 cm
|
| 504 |
|
|
|a incl. ref.
|
| 650 |
1 |
|
|a Gavidia francisco
|9 268224
|
| 650 |
1 |
|
|a Analisis literario
|9 5187
|
| 852 |
|
|
|a UC-CDJBV
|c TERCER PISO
|f Donación
|k margarita.gutierrez
|l 1
|m General
|p 19690401
|q 50,00
|r 8
|t 37545-2
|b 0
|d CDRC
|e CDRC
|g 868 TERCER PISO
|z 1969-90-40
|
| 942 |
|
|
|
| 999 |
|
|
|c 124530
|d 124530
|